The future of social security for this generation and the next : hearings from the 105th Congress /

A compilation of Ways and Means Committee hearings and other documents relating to social security reform.

Bibliographic Details
Corporate Author: United States. Congress. House. Committee on Ways and Means
Format: Government Document Software eBook
Language:English
Published: [Washington, D.C.] : [U.S. G.P.O.] : Available through the U.S. G.P.O., [Supt. of Docs.], [1999]
Subjects:

MARC

Tag First Indicator Second Indicator Subfields
LEADER 00000cam a2200000 a 4500
001 in00000003436
005 20151007050924.0
006 m d f
007 co ag?
008 990405s1998 dcua b f000 0 eng d
020 |c $14.00 
035 |a (OCoLC)41104289 
035 |9 AJF6832AM 
037 |a 052-070-07196-6  |b GPO 
040 |a GPO  |c GPO  |d DLC  |d MvI  |d UtOrBLW 
043 |a n-us--- 
049 |a UDOC 
074 |a 1028-A 
074 |a 1028-B 
086 0 |a Y 4.W 36:F 98 
110 1 |a United States.  |b Congress.  |b House.  |b Committee on Ways and Means. 
245 1 4 |a The future of social security for this generation and the next :  |b hearings from the 105th Congress /  |c Committee on Ways and Means, U.S. House of Representatives. 
264 1 |a [Washington, D.C.] :  |b [U.S. G.P.O.] :  |b Available through the U.S. G.P.O., [Supt. of Docs.],  |c [1999] 
300 |a 1 CD-ROM ;  |c 4 3/4 in. 
336 |a text  |b txt  |2 rdacontent 
337 |a computer  |b c  |2 rdamedia 
338 |a computer disc  |b cd  |2 rdacarrier 
516 |a Computer program and text. 
538 |a System requirements (IBM-compatible PCs): IBM-compatible PC with 386 or greater processor; 4 MB RAM (16 MB for Windows NT); 6 MB free hard disk space; Windows 3.1/NT, 3.51, or 4.0; Adobe Acrobat Reader (available on disc); ISO 9660 CD-ROM drive; MS CD-ROM Extensions 2.11 or later. 
538 |a System requirements (Macintosh): 68020 or greater or Power Mac; 4 MB RAM (5 MB for Power Mac); 6 MB free hard disk space; System 7.1.2 or later; Adobe Acrobat Reader (available on disc); CD-ROM drive with Foreign File Access V4.02 or greater and ISO 9660 fire access V5.02 or greater installed in extensions. 
538 |a System requirements (Unix): SunOS, Solaris, HP-UX, IBM AIX or IRIX; minimum of 4 MB of RAM and 6 MB free space on hard drive; Adobe Acrobat Reader (available on disc); ISO 9660 CD-ROM drive. 
500 |a Title from main menu screen. 
516 8 |a ISO 9660 format. 
500 |a Shipping list number: 99-0033-E. 
538 |a Disc characteristics: CD-ROM. 
504 |a Includes bibliographical references. 
520 |a A compilation of Ways and Means Committee hearings and other documents relating to social security reform. 
500 |a Computer file. 
650 0 |a Social security  |z United States  |x Finance. 
999 |a MARS 
999 f f |s cebfd1ba-24c1-3fec-9982-786bb6abc9b3  |i 59167df5-3e47-3609-a078-042218e03adf  |t 0 
952 f f |p normal  |a Texas A&M University  |b College Station  |c Sterling C. Evans Library  |d Evans: US Documents CD-ROMs (Annex 5th floor)  |t 0  |e Y 4.W 36:F 98  |h Superintendent of Documents classification  |i computer -- computer disc  |m A14824482823 
998 f f |a Y 4.W 36:F 98  |t 0  |l Evans: US Documents CD-ROMs (Annex 5th floor)